भाकरी आणि फूल / (Record no. 43608)

MARC details
000 -LEADER
fixed length control field 01115nam a22002417a 4500
005 - DATE AND TIME OF LATEST TRANSACTION
control field 2010083008028.0
010 ## - LCCN (DPL NO)
LC control number MAR-20222
020 ## - INTERNATIONAL STANDARD BOOK NUMBER
Terms of availability 160.00
International Standard Book Number 9789380617107
035 ## - SYSTEM CONTROL NUMBER
System control number MR-12880
037 ## - SOURCE OF ACQUISITION
Source of stock number/acquisition DBAD / PUB
082 ## - DEWEY DECIMAL CLASSIFICATION NUMBER
Classification number 891.463
100 ## - MAIN ENTRY--PERSONAL NAME
Personal name कर्णिक, मधु मंगेश
245 ## - TITLE STATEMENT
Title भाकरी आणि फूल /
Statement of responsibility, etc मधु मंगेश कर्णिक
246 ## - VARYING FORM OF TITLE
Title proper/short title Bhakari ani Phool
Remainder of title by Madhu Mangsh Karnik
260 ## - PUBLICATION, DISTRIBUTION, ETC. (IMPRINT)
Place of publication, distribution, etc श्रीरामपुर
Name of publisher, distributor, etc शब्दालय प्रकाशन
Date of publication, distribution, etc 2010
270 ## - ADDRESS
Address पोस्ट बॉक्स नं 90, वार्ड 7,
City श्रीरामपुर
Postal code 413709
300 ## - PHYSICAL DESCRIPTION
Extent चौदा,160पृ
Dimensions 21सेमी (अजिल्द)
650 ## - SUBJECT ADDED ENTRY--TOPICAL TERM
Topical term or geographic name as entry element मराठी कादंबरी
650 ## - SUBJECT ADDED ENTRY--TOPICAL TERM
Topical term or geographic name as entry element Marath Fiction
700 ## - ADDED ENTRY--PERSONAL NAME
9 (RLIN) 17934
942 ## - ADDED ENTRY ELEMENTS (KOHA)
Source of classification or shelving scheme Dewey Decimal Classification
Item type Marathi Books
Call number suffix कर्णिक
Classification part 891.463
Holdings
Withdrawn status Lost status Not for loan Collection code Home library Current library Date acquired Source of acquisition Cost, normal purchase price Full call number Barcode Copy number Cost, replacement price Koha item type
    Not For Loan Fiction D.B.Act.Division D.B.Act.Division 03/09/2010 DBAD / PUB 160.00 891.463 कर्णिक MR-12880 1 160.00 Marathi Books

© Delhi Public Library
Hit Counter
free hit counter